Cercanías San Sebastian - Estadísticas

Estadísticas generales
  • Esta prueba ha sido intentada 116 veces
  • La puntuación promedio es 18 de 30
Estadísticas de respuestas
Respuesta % Correcto
Irun
97%
Donostia / San-Sebastian
93%
Tolosa
82%
Hernani
72%
Lezo-Errenteria
72%
Gros
69%
Pasaia
69%
Andoain
64%
Beasain
64%
Ventas
64%
Anoeta
61%
Intxaurrondo
61%
Zumarraga
61%
Brinkola
59%
Legazpi
59%
Loiola
59%
Martutene
59%
Ordizia
59%
Hernani Centro / Erdia
54%
Herrera
54%
Tolosa Centro / Erdia
54%
Billabona-Zizurkil
51%
Urnieta
51%
Legorreta
46%
Alegia
44%
Andoain Centro / Erdia
44%
Ikaztegieta
41%
Ategorrieta
39%
Itsasondo
38%
Ormaiztegi
38%
No se encontraron pruebas coincidentes
Distribución de puntuación
Porcentaje de gente con cada puntuación
Porcentaje por número respondido
Historial de tus puntuaciones
No has intentado esta prueba.